书目信息 |
| 题名: |
图解电力应用
|
|
| 作者: | 木村博司 , 粉川昌已 著 | |
| 分册: | ||
| 出版信息: | 北京 科学出版社 2000.01 |
|
| 页数: | 199页 | |
| 开本: | 20cm | |
| 丛书名: | OHM电子电气入门丛书 | |
| 单 册: | ||
| 中图分类: | TM , TM92-64 | |
| 科图分类: | ||
| 主题词: | 电气化 , 电能--应用 | |
| 电子资源: | ||
| ISBN: | 7-03-008096-3 | |
| 000 | 00743nam0 2200253 45 | |
| 001 | 0255324978 | |
| 005 | 2002110815220497 | |
| 010 | @a7-03-008096-3@dRMB 19.00 | |
| 100 | @a20021108d2000 km y0chiy0120 ea | |
| 101 | 0 | @achi |
| 102 | @aCN@b110000 | |
| 200 | 1 | @a图解电力应用@Atu jie dian li ying yong@f木村博司,粉川昌已著@Fmu cun bo si,fen chuan chang yi zhu |
| 210 | @a北京@c科学出版社@d2000.01 | |
| 215 | @a199页@d20cm | |
| 225 | 2 | @aOHM电子电气入门丛书 |
| 410 | 0 | @12001 @aOHM电子电气入门丛书 |
| 606 | 0 | @a电气化 |
| 606 | 0 | @a电能@x应用 |
| 690 | @aTM@v3 | |
| 690 | @aTM92-64@v4 | |
| 701 | 0 | @a木村博司@Amu cun bo si@4著 |
| 701 | 0 | @a粉川昌已@Afen chuan chang yi@4著 |
| 801 | 0 | @aCN@bPFT@c20021108 |
| 905 | @a10447@dTM92-64@eM940 | |
| 图解电力应用/木村博司,粉川昌已著.-北京:科学出版社,2000.01 |
| 199页;20cm.-(OHM电子电气入门丛书) |
| ISBN 7-03-008096-3:RMB 19.00 |
| ● |
| 相关链接 |
|
|
|
正题名:图解电力应用
索取号:TM92-64/M940
 
预约/预借
| 序号 | 登录号 | 条形码 | 馆藏地/架位号 | 状态 | 备注 |
| 1 | 369296 | 203692968 | 自科库301/301自科库 20排4列1层/ [索取号:TM92-64/M940] | 在馆 | |
| 2 | 369297 | 203692977 | 自科二线404/301自科库 14排1列5层/ [索取号:TM92-64/M940] | 在馆 | |
| 3 | 369298 | 203692986 | 自科库301/301自科库 20排4列1层/ [索取号:TM92-64/M940] | 在馆 |